000 00625nam a2200205 i 4500
001 29140
003 ES-MaACL
005 20251003063042.0
007 t|
008 030121q18001899fr ||||1| fre d
100 1 _aBarbey d'Aurevilly, Jules Amédée,
_d1808-1889
_925447
245 1 0 _aOeuvres /
_cde Jules Amadée Barbey d'Aurevilly.
260 _aParís :
_bAlphonse Lemerre,
_c[18--?]
300 _a336 p. ;
_c16 cm.
505 8 _aContiene: L'amour impossible. La Bagne d'Annibal
740 2 _aL'amour impossible.
740 3 _aLa Bagne d'Annibal.
852 _aES-MaACL
_jG-2425
999 _c29140
_d29140